Health and safety... in brief. (2nd edition) (Record no. 76143)

MARC details
000 -LEADER
fixed length control field 01036nam a2200217 a 4500
008 - FIXED-LENGTH DATA ELEMENTS--GENERAL INFORMATION
fixed length control field 120416s2001 ||||||||||||||||| || u
020 ## - INTERNATIONAL STANDARD BOOK NUMBER
International Standard Book Number 0750653205
050 ## - LIBRARY OF CONGRESS CALL NUMBER
Classification number T 55 Rid
100 ## - MAIN ENTRY--PERSONAL NAME
Personal name Ridley, John
245 10 - TITLE STATEMENT
Title Health and safety... in brief. (2nd edition)
250 ## - EDITION STATEMENT
Edition statement 2nd ed.
260 ## - PUBLICATION, DISTRIBUTION, ETC.
Place of publication, distribution, etc. Oxford:
Name of publisher, distributor, etc. Butterworth-Heinemann
Date of publication, distribution, etc. 2001.
300 ## - PHYSICAL DESCRIPTION
Extent xi, 258 pages : illustrations
350 ## -
-- 0.00
650 ## - SUBJECT ADDED ENTRY--TOPICAL TERM
Topical term or geographic name entry element INDUSTRIAL HYGIENE
650 ## - SUBJECT ADDED ENTRY--TOPICAL TERM
Topical term or geographic name entry element HEALTH
650 ## - SUBJECT ADDED ENTRY--TOPICAL TERM
Topical term or geographic name entry element INDUSTRIAL SAFETY--LAW AND LEGISLATION--GREAT BRITAIN
995 ## -
-- MAIN LIBRARY OPEN ACCESS
-- 0.00
-- 727623
-- CBU-MAIN LIBRARY (Kitwe)
-- 1
-- 0.00
-- T 55 RID
-- 2
-- AVAILABLE
-- Feb 6, 2007
-- 52998
-- Main Library Open Access Collection
995 ## -
-- ANNEX COLLECTION (Main Library)
-- 0.00
-- 737624
-- CBU-MAIN LIBRARY (Kitwe)
-- 1
-- 0.00
-- T 55 RID
-- 3
-- AVAILABLE
-- Feb 6, 2007
-- 52997
-- Annex Low-Usage Collection
995 ## -
-- MAIN LIBRARY OPEN ACCESS
-- 0.00
-- 735090
-- CBU-MAIN LIBRARY (Kitwe)
-- 1
-- 19.50
-- T 55 RID
-- 1
-- AVAILABLE
-- Jul 6, 2006
-- 38507
-- Main Library Open Access Collection
999 ## -
-- 76143
-- 76143
Holdings
Withdrawn status Lost status Source of classification or shelving scheme Damaged status Not for loan Permanent Location Current Location Shelving location Date acquired Total Checkouts Full call number Barcode Date last seen Copy number Price effective from Koha item type Date last checked out
          CBU-MAIN LIBRARY, KITWE. CBU-MAIN LIBRARY, KITWE.   04/25/2023   T 55 Rid 52998 04/25/2023 1 04/25/2023 MONOGRAPH  
          CBU-MAIN LIBRARY, KITWE. CBU-MAIN LIBRARY, KITWE.   04/25/2023   T 55 Rid 52997 04/25/2023 2 04/25/2023 MONOGRAPH  
          CBU-MAIN LIBRARY, KITWE. CBU-MAIN LIBRARY, KITWE.   04/25/2023 1 T 55 Rid 38507 06/07/2024 3 04/25/2023 MONOGRAPH 04/09/2024